000
00210 a2200097 4500
001
49341
100
_a
Jones J
245
_a
Some came running
260
_a
London
_b
Museum Press Ltd
_c
090
_c
31889
_d
31889
942
_a
NUST-CAE
_c
M
_c
24323
999
_c
284414
_d
284414